Équipes jamais qualifiées pour le Championnat d'Europe - Mort subite - Statistiques

Statistiques générales
  • Ce quiz a été pris 203 fois
  • Le résultat moyen est 7 sur 19
Answers on the Grid
Answers color-coded by a green-red scale on the quiz's grid according to % correct below.
Andorre
Arménie
Azerbaïdjan
Biélorussie
Bosnie-Herzégovine
Chypre
Estonie
Îles Féroé
Gibraltar
Israël
Kazakhstan
Kosovo
Liechtenstein
Lituanie
Luxembourg
Malte
Moldavie
Monténégro
Saint-Marin
Norvège
Lettonie
Macédoine du Nord
Finlande
Irlande du Nord
Géorgie
Islande
Bulgarie
Albanie
Slovénie
Pays de Galles
 
Statistiques - réponses
Réponse % Correct
Saint-Marin
58%
Gibraltar
53%
Kazakhstan
53%
Liechtenstein
53%
Azerbaïdjan
47%
Malte
47%
Kosovo
42%
Luxembourg
42%
Andorre
37%
Arménie
37%
Chypre
37%
Îles Féroé
37%
Israël
37%
Estonie
32%
Monténégro
32%
Biélorussie
26%
Lituanie
21%
Moldavie
21%
Bosnie-Herzégovine
16%
Aucun quiz correspondant
Distribution des résultats
% des personnes avec chaque résultat
Percentile par nombre de réponses
Votre historique - résultats
Vous n’avez pas pris ce quiz